000 00527nam a2200181Ia 4500
008 100920s9999 xx 000 0 und d
082 _b47229
_a24 0
100 _aसोहोनी श्री वि.
245 _aरेकॉर्ड प्लेअर.
260 _b---
_c0
300 _a156
_bसाधी
365 _b11.5
520 _aसायो.
630 _aरेकॉर्ड प्लेअर.
650 _aसायो.
730 _aरेकॉर्ड प्लेअर.
942 _cBOOK
999 _c694699
_d694696